Edge Arapaho Revenge / (Record no. 523613)

000 -LEADER
fixed length control field 00378nam a22001577a 4500
003 - CONTROL NUMBER IDENTIFIER
control field NUST
020 ## - INTERNATIONAL STANDARD BOOK NUMBER
International Standard Book Number 0523420412
038 ## - RECORD CONTENT LICENSOR
Staff Name waseem
082 ## - DEWEY DECIMAL CLASSIFICATION NUMBER
Classification number 823.914
Author Mark GIL
100 ## - MAIN ENTRY--PERSONAL NAME
Personal name Gilman, George G.
9 (RLIN) 14344
245 ## - TITLE STATEMENT
Title Edge Arapaho Revenge /
Statement of responsibility, etc. George G. Gilman
260 ## - PUBLICATION, DISTRIBUTION, ETC.
Place of publication, distribution, etc. New York :
Name of publisher, distributor, etc. Pinnacle Books,
Date of publication, distribution, etc. 1983.
300 ## - PHYSICAL DESCRIPTION
Extent 184 p. ;
500 ## - GENERAL NOTE
General note Paperback.
942 ## - ADDED ENTRY ELEMENTS (KOHA)
Source of classification or shelving scheme
Koha item type Book
Holdings
Withdrawn status Lost status Source of classification or shelving scheme Damaged status Not for loan Permanent Location Current Location Date acquired Total Checkouts Full call number Barcode Date last seen Price effective from Koha item type
          Central Library (CL) Central Library (CL) 05/16/2019   823.914 GIL CL-E-2070 05/16/2019 05/16/2019 Book
© 2023 Central Library, National University of Sciences and Technology. All Rights Reserved.